Albert Einstein e o seu universo insuflável (Registo nº 412)

Detalhes MARC
000 -Etiqueta do registo
Cabeçalho 00757nam0a2200253 4500
005 - Identificador da versão
Campo de controlo 20240813121802.0
010 ## - Número internacional normalizado dos livros (ISBN)
Número (ISBN) 9721052752
021 ## - Número do Depósito Legal
Código do país PT
Número 199750/03
100 ## - Dados gerais de processamento
Dados gerais de processamento 20160722d2003 de y0pory5003 ba
102 ## - Pais de publicação ou produção
País de publicação Portugal
101 0# - Língua de publicação
Língua do texto, banda sonora, etc. Português
Língua do documento no original Inglês
215 ## - Descrição física 
Indicação específica da natureza do documento e extensão da espécie 191, [1] p.
Outras indicações físicas il
200 1# - Titulo e menção de responsabilidade
Título próprio Albert Einstein e o seu universo insuflável
Primeira menção de responsabilidade Dr. Mike Goldsmith
Outras menções de responsabilidade il. Philip Reeve
225 2# - Colecção 
Título próprio da colecção Finados famosos
210 ## - Publicação, Distribuição, etc. 
Lugar da edição, distribuição, etc. Mem Martins
Nome do editor, distribuidor, etc. Europa-América
Data da publicação, distribuição, etc. D. L. 2003
606 ## - Nome comum usado como assunto
Número de registo de entrada de autoridade 0003129
Palavra de ordem Einstein, Albert
Subdivisão de assunto Biografias
Código do sistema CA
675 ## - Classificação Decimal Universal (CDU)
Notação 929Einstein, Albert
Edição 3ª ed.
Língua da edição por
702 ## - Nome de autor-pessoa física (responsabilidade secundária)
Número de registo de entrada de autoridade 0000436
Palavra de ordem Reeve
Outra parte do nome não tomada para palavra de ordem Philip
Código de função Ilustrador / Técnico de desenho computorizado
700 ## - Nome de autor-pessoa física (responsabilidade principal)
Número de registo de entrada de autoridade 0000441
Palavra de ordem Goldsmith
Outra parte do nome não tomada para palavra de ordem Mike
966 ## - Identificação da Biblioteca
Sigla EB2,3ENM
942 ## - Elementos de entrada adicionados (Koha)
Tipo de item no Koha Livro
Exemplares
Situação do levantamento Origin of item (home branch) (coded) Biblioteca de empréstimo Código de barras Cota Circulation type (not for loan) Tipo de documento Nota do exemplar Damaged status
  Biblioteca Escolar Eng. Nuno Mergulhão Biblioteca Escolar Eng. Nuno Mergulhão BENM846 92EIN GOL   Livro Sem mensagem